পদার্থবিদ্যা ইলেক্ট্রোম্যাগনেটিক তত্ত্বের ভূমিকা Physics (Introduction to Electromagnetic Theory) (Record no. 2649)

MARC details
000 -LEADER
Fixed length control field 00624nam a2200181 4500
003 - CONTROL NUMBER IDENTIFIER
Control field SEACOMEC
005 - DATE AND TIME OF LATEST TRANSACTION
Control field 20260413115510.0
008 - FIXED-LENGTH DATA ELEMENTS--GENERAL INFORMATION
Fixed length control field 260413b |||||||| |||| 00| 0 eng d
020 ## - INTERNATIONAL STANDARD BOOK NUMBER / ISBN
International Standard Book Number 978-93-55381-11-8
040 ## - CATALOGING SOURCE
Original cataloging agency SEACOMEC
082 ## - DEWEY DECIMAL CLASSIFICATION NUMBER
Classification number 537
Book Number B575
100 ## - MAIN ENTRY--PERSONAL NAME
Personal name Bhattacharya, A. B.
245 ## - TITLE STATEMENT
Title পদার্থবিদ্যা ইলেক্ট্রোম্যাগনেটিক তত্ত্বের ভূমিকা Physics (Introduction to Electromagnetic Theory)
Statement of responsibility A. B. Bhattacharya and Atanu Nag
260 ## - IMPRINT
Place of publication New Delhi
Name of publisher Khanna
Date of publication 2025
300 ## - PHYSICAL DESCRIPTION
Page / Vol. No 315
700 ## - ADDED ENTRY--PERSONAL NAME
Personal name Nag, Atanu
942 ## - ADDED ENTRY ELEMENTS (KOHA)
Koha item type Gifted/Donated Books
Holdings
Withdrawn status Lost status Source of classification Damaged status Not for loan Home library Current library Date acquired Total Checkouts Call number Accession number Date last seen Price effective from Koha item type
    Dewey Decimal Classification     SEACOM ENGINEERING COLLEGE SEACOM ENGINEERING COLLEGE 13/04/2026   537 B575 G531 13/04/2026 13/04/2026 Gifted/Donated Books
    Dewey Decimal Classification     SEACOM ENGINEERING COLLEGE SEACOM ENGINEERING COLLEGE 13/04/2026   537 B575 G532 13/04/2026 13/04/2026 Gifted/Donated Books
    Dewey Decimal Classification     SEACOM ENGINEERING COLLEGE SEACOM ENGINEERING COLLEGE 13/04/2026   537 B575 G533 13/04/2026 13/04/2026 Gifted/Donated Books
© Seacom Engineering College, All rights reserved.      Powered by Koha